00422nam a2200121 a 4500008004100000050002300041110004700064245007200111260005400183300001100237350000900248650004300257101007s2002 ||||||||||||||||| || u aGOV.ZAM(02)2002/1A aGovernment of the Republic of Zambia (GRZ)14aThe national decentralisation policy: towards empowering the people aLusakabZambia. Ministry of Education (MOE)c2002 av,27p. a0.00 aDECENTRALIZATION IN GOVERNMENT--ZAMBIA